000 00510nam a2200217Ia 4500
003 OSt
005 20220918191845.0
006 a|||||r|||| 00| 0
007 ta
008 220917b |||||||| |||| 00| 0 eng d
024 _a65,422
037 _cTextual
040 _aARTS
_cARTS
_beng
041 _2eng
_aeng
082 _aR299, J2
100 _aAaron R I
_977369
245 0 _aTheory of universals
260 _c1952
942 _hR299, J2
_cTEXL
_2CC
999 _c191665
_d191665